Introduction to automata and compiler design / (Record no. 763575)
[ view plain ]
| 000 -LEADER | |
|---|---|
| fixed length control field | 01191 am a2200373 a 4500 |
| 001 - CONTROL NUMBER | |
| control field | vtls000940289 |
| 003 - CONTROL NUMBER IDENTIFIER | |
| control field | NLI |
| 005 - DATE AND TIME OF LATEST TRANSACTION | |
| control field | 20210627091236.0 |
| 008 - FIXED-LENGTH DATA ELEMENTS--GENERAL INFORMATION | |
| fixed length control field | 111025s2011 ii d e 001 0 eng d |
| 020 ## - INTERNATIONAL STANDARD BOOK NUMBER | |
| International Standard Book Number | 9788120342347 (pbk.) |
| Terms of availability | Rs. 350.00 |
| 039 #9 - LEVEL OF BIBLIOGRAPHIC CONTROL AND CODING DETAIL [OBSOLETE] | |
| -- | 201110251845 |
| -- | prasenjits |
| 040 ## - CATALOGING SOURCE | |
| Original cataloging agency | NLI |
| Language of cataloging | eng |
| 041 0# - LANGUAGE CODE | |
| Language code of text/sound track or separate title | eng |
| 044 ## - COUNTRY OF PUBLISHING/PRODUCING ENTITY CODE | |
| MARC country code | ii |
| 082 04 - DEWEY DECIMAL CLASSIFICATION NUMBER | |
| Classification number | 511.35 |
| Edition number | 22 |
| 100 1# - MAIN ENTRY--PERSONAL NAME | |
| Personal name | Ramaiah K., Dasaradh |
| 9 (RLIN) | 884998 |
| 245 10 - TITLE STATEMENT | |
| Title | Introduction to automata and compiler design / |
| Statement of responsibility, etc. | Dasaradh Ramaiah K. |
| 260 ## - PUBLICATION, DISTRIBUTION, ETC. | |
| Place of publication, distribution, etc. | New Delhi : |
| Name of publisher, distributor, etc. | PHI Learning, |
| Date of publication, distribution, etc. | 2011 |
| 300 ## - PHYSICAL DESCRIPTION | |
| Extent | xv, 379 p. ; |
| Dimensions | 24 cm. |
| 500 ## - GENERAL NOTE | |
| General note | Includes index |
| 504 ## - BIBLIOGRAPHY, ETC. NOTE | |
| Bibliography, etc. note | Bibliography : 371-375 |
| 650 #0 - SUBJECT ADDED ENTRY--TOPICAL TERM | |
| Topical term or geographic name entry element | Machine theory |
| 9 (RLIN) | 691265 |
| 650 #0 - SUBJECT ADDED ENTRY--TOPICAL TERM | |
| Topical term or geographic name entry element | Compilers (Computer programs) |
| 9 (RLIN) | 676282 |
| 650 #0 - SUBJECT ADDED ENTRY--TOPICAL TERM | |
| Topical term or geographic name entry element | Compiling (Electronic computers) |
| 9 (RLIN) | 884999 |
| 650 #0 - SUBJECT ADDED ENTRY--TOPICAL TERM | |
| Topical term or geographic name entry element | Algorithms |
| 9 (RLIN) | 783689 |
| 887 ## - NON-MARC INFORMATION FIELD | |
| Content of non-MARC field | prasenjit |
| 901 ## - LOCAL DATA ELEMENT A, LDA (RLIN) | |
| a | DB124368 : |
| b | 1.6.11 |
| 902 ## - LOCAL DATA ELEMENT B, LDB (RLIN) | |
| a | E 511.35 R 141 |
| 904 ## - LOCAL DATA ELEMENT D, LDD (RLIN) | |
| a | prasenjit |
| 949 ## - LOCAL PROCESSING INFORMATION (OCLC) | |
| -- | VIRTUAITEM |
| -- | 10000 |
| -- | 100 |
| 6 | DBA000124368ENG |
| 942 ## - ADDED ENTRY ELEMENTS (KOHA) | |
| Source of classification or shelving scheme | Dewey Decimal Classification |
| Koha item type | Books |
| Withdrawn status | Lost status | Damaged status | Not for loan | Collection code | Home library | Current library | Shelving location | Date acquired | Total Checkouts | Full call number | Barcode | Date last seen | Price effective from | Koha item type |
|---|---|---|---|---|---|---|---|---|---|---|---|---|---|---|
| New English | National Library of India | National Library of India | New English - Main Stack Division | E 511.35 R 141 | DBA000124368ENG | 27/06/2021 | 27/06/2021 | Books |
